| 000 | 003860000a22001570004500 | ||
|---|---|---|---|
| 001 | 000246 | ||
| 003 | MACL | ||
| 040 | _aMACL | ||
| 090 |
_c246 _d246 |
||
| 100 | _aLipner, Julius J | ||
| 245 |
_aBrahmabandhab Upadhyay _bThe Life And Thought Of A Revolutionary _cJulius J Lipner |
||
| 260 |
_aOxford University Press, _c1999 |
||
| 350 | _a425 | ||
| 650 | _aBiography | ||
| 942 |
_k920 _cBook |
||
| 999 |
_c49553 _d49553 |
||